000
00221nam a2200085Ia 4500
008
120527s9999 xx 000 0 und d
100
_a
ADELABU, M.A.K
245
_a
Telecommunication and Broad casting in Nigeria
942
_c
BK
999
_c
25551
_d
25551